000 00736nac a22002051u 4500
008 100907t xxu||||| |||| 00| 0 eng d
010 _a2004274094
020 _a8178080354
020 _a8178080354
082 0 4 _a005.43
_bD325
100 _aDeitel, Harvey M.,
_918499
245 1 0 _aOperating systems /
_cHarvey M. Deitel.
250 _a2rd ed.
260 _aNew Delhi :
_bPearson/Prentice Hall,
_cc2003.
300 _a853 p. :
_bill. ;
_c24 cm.
500 _aIncludes index.
650 0 _aOperating systems (Computers)
_918500
942 _cBB
_k005.43D325
_2ddc
999 _c558
_d558